000 00924nam a2200277Ia 4500
003 GCL
008 140319s9999 xx 000 0 ara d
040 _aGCL /
_cGCL
082 0 4 _a819.9
_bج ج
100 1 _aانطوان الفوال
245 1 0 _aجبران خليل جبران /
_cانطوان الفوال
700 1 _aجبران خليل جبران
260 _a[S.N] :
_bدار امواج للطباعة والنشر ،
_c1993
300 _a270 ص
490 _aنصوص خارج المجموعة
_v0
650 0 4 _aالادب العربى
650 0 4 _aالقصص العربية
650 0 4 _aالنقد
650 0 4 _aالنثر العربى
650 0 4 _aجبران خليل جبران
650 0 4 _aالبلاغة العربية,العصر الحديث
650 0 4 _aتاريخ النقد
650 0 4 _aالمجموعات
650 0 4 _aالشعر العربى - المهجر
942 _2ddc
_cBK
999 _c55083
_d55083